| 000 | 00507 a2200205 4500 | ||
|---|---|---|---|
| 005 | 20260407123906.0 | ||
| 008 | 260407b |||||||| |||| 00| 0 eng d | ||
| 020 |
_a9788183 762205 _cRs. 1795.00 |
||
| 040 | _aMAIN | ||
| 082 |
_a346.0134 _bR187W |
||
| 100 | _aRathod, P B | ||
| 245 | _aWomen and human rights modern scenario | ||
| 260 |
_bABD Publishers _c2024 _aJaipur |
||
| 300 | _a400 | ||
| 650 | _aLaw | ||
| 650 | _aCivil Rights | ||
| 650 | _aRights of Women | ||
| 650 | _aIndia | ||
| 942 | _cBK | ||
| 999 |
_c396167 _d396167 |
||